| 000 | 01033nam a22002897a 4500 | ||
|---|---|---|---|
| 001 | BR9201953 | ||
| 003 | BR-BrBNA | ||
| 005 | 20230928095034.0 | ||
| 007 | ta | ||
| 008 | 230509b bl.||||| |||| 00| 0 por d | ||
| 040 |
_aBR-BrBNA _bpor _cBiblioteca Nacional de Agricultura |
||
| 041 | _a(Por) | ||
| 072 |
_aF62 _b2120 |
||
| 090 | _ 2120 BR9201953 | ||
| 100 | 1 | _aAmaral, J.A.T. | |
| 110 | 1 |
_aUniversidade Federal de Vicosa, MG (Brasil) _0Tese (Doctor Scientiae) |
|
| 245 | 1 | _aCrescimento vegetativo estacional do cafeeiro e suas inter-relacoes com fontes de nitrogenio, fotoperiodo, fotossintese e assimilacao do nitrogenio | |
| 260 | 3 |
_aVicosa, MG (Brasil): _c1991. |
|
| 300 | _a139 p. | ||
| 500 | _a36 illus.; 14 tables; Bibliography p. 106-115 (123 ref.); Summary (Por). (*) Documento disponível na(o) Universidade Federal de Vicosa, MG (Brazil) | ||
| 650 | _aCafe | ||
| 650 | _aFisiologia Vegetal | ||
| 650 | _aNitrogenio | ||
| 650 | _aTaxa de Crescimento | ||
| 909 |
_a202309 _bLucia _c55 _dLucia Elande |
||
| 942 | _cBK | ||
| 999 |
_c54146 _d54146 |
||